00714cam a2200205 0450000100060000010000410000610100080004710200070005520001480006221000640021021500320027422500300030630400420033667500160037867500180039470000190041270100260043170200350045780100160049246281 a19860811d1986 k y0pory5003 ba1 apor aPT1 aO abuso psiquiátrico na União Soviéticaeuma nódoa no mundo da psiquiatriafSidney Bloch, Peter Reddawaygtrad. Maria da Luz Mota Veiga 9aMem MartinscPublicações Europa-América,d[D.L. 1986] a263, [8] p. il.cil.d21 cm2 aEstudos e documentosv216 aTít. orig. Soviet psychiatric abuse a32(470+571) a616vmedzpor 1aBloch,bSidney 1aReddaway,bPeter4070 1aVeiga,bMaria da Luz Mota4730 0aPTbBNgRPC